|
|
|
|
| LEADER |
00803naa a2200193 i 4500 |
| 001 |
publ20754 |
| 005 |
20210216084517.0 |
| 008 |
210216s2020 hu o 0|| zxx d |
| 020 |
|
|
|a 9789633067772
|
| 024 |
7 |
|
|a 31813585
|2 mtmt
|
| 040 |
|
|
|a SZTE Publicatio Repozitórium
|b hun
|
| 041 |
|
|
|a zxx
|
| 100 |
1 |
|
|a Kéri Anita
|
| 245 |
1 |
0 |
|a Engaging students – Is co-creation the answer?
|h [elektronikus dokumentum] /
|c Kéri Anita
|
| 260 |
|
|
|a University of Szeged; Faculty of Economics and Business Administration
|b Szeged
|c 2020
|
| 300 |
|
|
|a 12
|
| 300 |
|
|
|a 210-221
|
| 490 |
0 |
|
|a The Challenges of Analyzing Social and Economic Processes in the 21st Century
|
| 856 |
4 |
0 |
|u http://publicatio.bibl.u-szeged.hu/20754/1/GTKJubileumikonferencia_anita_keri___engaging_students__is_co_creation_the_answer.pdf
|z Dokumentum-elérés
|